00369cam a2200157ua 45000010005000000080039000050400009000440410008000530820009000611000024000702450052000942500009001462600026001553000010001816530020001918593150206n xxk |||gr||||Z||||||eng cMAIN aeng a823N aVerne, J.,eAuthor.1 aAround the world in eighty dayscBy Jules Verne a1st. aLondon:bDean,c1974. a182p. aEnglish fiction